000
00316nam a22001337a 4500
008
181006b xxu||||| |||| 00| 0 eng d
020
_a
0397546238
041
_a
eng
080
_a
615.83
100
_a
8
101
_a
EGZF
245
_a
Guide to Physical Examination and History Taking
_c
Bates, B
942
_2
udc
_c
BK
999
_c
48961
_d
48961